000 01111nac a22003017a 4500
001 BR7801811
003 BR-BrBNA
005 20240105114220.0
008 230509b bl.|||m| |||| 00| 0 por d
040 _aBR-BrBNA
_bpor
_cBiblioteca Nacional de Agricultura
072 _aE30; E10; E15
090 _aE30 BR7801811
110 1 _aPrograma de Investimentos Integrados para o Setor Agropecuario do Rio Grande do Sul, Porto Alegre (Brasil)
_97968
245 1 _aEstudo de alternativas de politica agricola [Estrutura fundiaria; Produtividade; Politica economica; Rio Grande do Sul; Brasil]
260 3 _aPorto Alegre, RS (Brasil):
_c1978.
300 _a250 p.
490 _aProgramacao Agropecuaria - Programa de Investimentos Integrados para o Setor Agropecuario (Brazil)
_vv. 1
_x
500 _a39 tables
650 _aPolitica agricola
650 _aMacroeconomia
650 _aMicroeconomia
650 _aEstrutura agraria
650 _aPolitica economica
650 _aProdutividade
650 _aRio Grande do Sul
909 _a202312
_bLúcia Elande
_c55
_dLúcia Elande
942 _2AGRIS
_n0
_cMS
999 _c268055
_d268055